Wie Is Wie - Statistieken

Algemene statistieken
  • Deze quiz is 131 keer genomen
  • De gemiddelde score is 3 van 10
Antwoordstatistieken
Foto Antwoord % Correct
Celine Dept
100%
Peter Vandenbempt
100%
Robert Van Impe
100%
Gert Verhulst
80%
Martine Tanghe
75%
Bart De Pauw
67%
Benjamin Dalle
67%
Jeroen Meus
67%
Lidewij Nuitten
67%
Eric Goens
50%
Guy Mortier
50%
Jeff Bezos
50%
Faroek Özgünes
33%
Frank Depoorter
33%
Björn Soenens
20%
Bart De Groote
0%
Beatrice Delvaux
0%
Bert Bultinck
0%
Christian Van Thillo
0%
Christophe Deborsu
0%
Danira Boukhriss
0%
Dimitri Verbruggen
0%
Elke Jacobs
0%
Frederik Delaplace
0%
Frederik De Swaef
0%
Indra Dewitte
0%
Isabel Albers
0%
Isolde van den Eynde
0%
Jörgen Oosterwaal
0%
Kamal Kharmach
0%
Karel Verhoeven
0%
Karen Claassen
0%
Karl Van Den Broeck
0%
Liesbeth Van Impe
0%
Lin Delcour
0%
Lotte Vermeir
0%
Nicholas Lataire
0%
Pascal Weiss
0%
Peter de Groote
0%
Peter Vandermeersch
0%
Rik van Caluwaert
0%
Rudi Vranckx
0%
Sarah Bossuwé
0%
Stef Wauters
0%
Willem van Mullem
0%
Wouter Vandenhaute
0%
Wouter Verschelden
0%
Xavier Teveirne
0%
Geen overeenkomende quizzen gevonden
Scoreverdeling
Procent van Mensen met Elke Score
Percentiel versus Aantal Correcte Antwoorden
Uw Scoregeschiedenis
U heeft deze quiz nog niet genomen